| 000 | 00428nam a22001697a 4500 | ||
|---|---|---|---|
| 005 | 20241004082330.0 | ||
| 008 | 241004b |||||||| |||| 00| 0 eng d | ||
| 020 | _a9788352533770 | ||
| 082 |
_a627.521 _bSHA-I |
||
| 100 | _aSharma,S.K | ||
| 245 | _aIrrigation Engineering and Hydraulic Structures / | ||
| 260 |
_aindia _bChand _c2016 |
||
| 300 |
_a1174p. _bill; _c24cm. |
||
| 650 | _aEngineering | ||
| 999 |
_c36622 _d36622 |
||